01562nab a22002177a 4500003000400000005001700004008004100021040000700062100002500069245015800094260007300252300001300325500007100338505062200409505008901031650002901120650002001149650003101169650001201200773013201212OSt20251226212415.0190603e xxum|||| |||| 00| 0 spa d cPJ aBoquin, Gabriela F. 10aAlcance e implicancias del Convenio 173 de la OIT en procesos liquidatarios y concursales a la luz del precedente "Acevedo" /cGabriela Fernanda Boquin.  cCiudad Autónoma de Buenos Aires :aThomson Reuters La Ley, b2025. ap. 65-76 aCita: TR LALEY AR/DOC/1041/2025 Publicado en: RCCyC 2025 (junio). aSumario: I. Introducción.— II. La OIT y sus convenios para protección laboral ante la insolvencia.— III. El Convenio 173 de la Organización Internacional de Trabajo y la Recomendación 180.— IV. El caso CS "Pinturas y Revestimientos".— V. El caso "Acevedo".— VI. Las contradicciones cortesanas.— VII. La Convención de Viena y el principio de no obstrucción del derecho internacional.— VIII. La obstrucción o frustración del objeto y fines del convenio por parte del Poder Legislativo.— IX. La subordinación del crédito del Estado respecto del crédito laboral.— X. Conclusiones.  t¿Te interesa el texto completo? Solicitalo al correo: koha@justierradelfuego.gov.ar 0aCODIGO CIVIL Y COMERCIAL 0aDERECHO LABORAL 0aFALLOS DE LA CORTE SUPREMA 0aQUIEBRA0 02713dCiudad Autónoma de Buenos Aires : Thomson Reuters La Ley, 2015-tRevista Código Civil y Comercial. Nº 3 - Junio 2025